[Event "Cattolica op-B 3rd"]
[Site "Cattolica"]
[Date "2007.05.12"]
[Round "3"]
[White "Altieri, Claudio"]
[Black "Varini, Massimo"]
[Result "1/2-1/2"]
[WhiteElo "2067"]
[BlackElo "2023"]
[PlyCount "43"]
[EventDate "2007.05.11"]
[EventType "swiss"]
[EventRounds "5"]
[EventCountry "ITA"]
[SourceTitle "EXT 2024"]
[Source "ChessBase"]
[SourceDate "2023.10.10"]
[SourceVersion "1"]
[SourceVersionDate "2023.10.10"]
[SourceQuality "1"]

1. Nf3 Nf6 2. d3 d5 3. Nbd2 c5 4. e4 e6 5. Be2 Nc6 6. c3 Be7 7. 0-0 0-0 8. Re1 b6 9. Qc2 Bb7 10. Nf1 Qc7 11. Ng3 Rad8 12. Bf1 dxe4 13. dxe4 Ng4 14. h3 Nge5 15. Nxe5 Nxe5 16. Be3 c4 17. Red1 Bc5 18. Bd4 Nd3 19. Bxc5 Nxc5 20. Bxc4 Nxe4 21. Nxe4 Qxc4 22. Nd6 1/2-1/2

[Event "Cattolica op-B 3rd"]
[Site "Cattolica"]
[Date "2007.05.11"]
[Round "1"]
[White "D'Innocente, Stefano"]
[Black "Altieri, Claudio"]
[Result "1-0"]
[WhiteElo "2261"]
[BlackElo "2067"]
[PlyCount "83"]
[EventDate "2007.05.11"]
[EventType "swiss"]
[EventRounds "5"]
[EventCountry "ITA"]
[SourceTitle "EXT 2024"]
[Source "ChessBase"]
[SourceDate "2023.10.10"]
[SourceVersion "1"]
[SourceVersionDate "2023.10.10"]
[SourceQuality "1"]

1. e4 d6 2. d4 Nf6 3. Nc3 c6 4. Nf3 Bg4 5. h3 Bxf3 6. Qxf3 Nbd7 7. Be3 e5 8. 0-0-0 Qc7 9. g4 h6 10. Bg2 Be7 11. Qg3 Nb6 12. Kb1 Nc4 13. Bc1 b5 14. f4 b4 15. Ne2 Nd7 16. h4 a5 17. g5 a4 18. gxh6 gxh6 19. dxe5 dxe5 20. Qg7 Rf8 21. Qxh6 Nf6 22. fxe5 Qxe5 23. Nd4 b3 24. cxb3 axb3 25. a3 Qg3 26. Bf1 Na5 27. Qe3 Qg6 28. Bd3 Ng4 29. Qe2 Ne5 30. Bf4 Bf6 31. Rhg1 Qh7 32. Nf5 Nb7 33. Bc4 Nc5 34. Rd6 Ncd7 35. Rxf6 Nxf6 36. Bxe5 Nd7 37. Bg7 Rg8 38. Nd6+ Ke7 39. Nf5+ Ke8 40. h5 Ra5 41. h6 Ne5 42. Bxb3 1-0